| 000 | 01310nam a2200289 i 4500 | ||
|---|---|---|---|
| 001 | 39211 | ||
| 003 | ES-MaACL | ||
| 005 | 20250929063106.0 | ||
| 007 | t| | ||
| 008 | 030227s1919 sp ||||1| spa d | ||
| 100 | 1 |
_aCalvo y Sánchez, Ignacio, _d1864-1930 _933910 |
|
| 245 | 1 | 0 |
_aRetratos de personajes del siglo XVI relacionados con la historia militar de España / _cpor Ignacio Calvo Sánchez ; con ilustraciones fotográficas de M. Moreno. |
| 260 |
_aMadrid : _b[s.n.], _c1919 ( _fImp. y Encuadernación de Julio Cosano) |
||
| 300 |
_aXX, 291 p., [48] h. de lám. : _bil. ; _c24 cm. |
||
| 504 | _aBibliografía: p. [XIII]-XIV. | ||
| 530 | _aDisponible en formato digital. | ||
| 594 | _aPrecede al tít.: Junta de Iconografía Nacional. Memoria premiada en el concurso de 1916. | ||
| 650 | 4 |
_aEspañoles- _yS.XVI- _xRetratos. _9152466 |
|
| 650 | 4 |
_aEspañoles- _yS.XVI- _xBiografías. _9152467 |
|
| 651 | 4 |
_aEspaña- _xHistoria militar- _y1516-1700. _9157091 |
|
| 700 | 1 |
_aMoreno, Mariano, _d1865-1925 _9150599 |
|
| 710 | 2 |
_aJunta de Iconografía Nacional (España) _95394 |
|
| 852 |
_aES-MaACL _jB-9112 _cSPB _zRevisado enlace: 9 de julio de 2025 |
||
| 856 | 4 |
_uhttp://bdh-rd.bne.es/viewer.vm?id=0000103838&page=1 _yBiblioteca Digital Hispánica |
|
| 942 | _2udc | ||
| 999 |
_c39211 _d39211 |
||